Dopady krize ve finanční oblasti

Zásady pre krízové riadenie firmy. Úloha krízového manažmentu. Vybrané ukazovatele krízovej situácie. Kríza likvidity. Kríza solventnosti a stability. Štruktúra kapitálu a miera zadĺženosti. Komplexné (syntetické) ukazovatele. Pohľadávky a záväzky.

Guardado en:
Detalles Bibliográficos
Autor principal: Šístek, Václav
Formato: Capítulo de libro
Lenguaje:checo
Materias:
Etiquetas: Agregar Etiqueta
Sin Etiquetas, Sea el primero en etiquetar este registro!

MARC

LEADER 00000naa$a2200000$$$4500
001 0020395
005 20231106121717.4
041 0 |a cze 
044 |a CZ 
245 1 0 |a Dopady krize ve finanční oblasti  |c Václav Šístek 
520 |a Zásady pre krízové riadenie firmy. Úloha krízového manažmentu. Vybrané ukazovatele krízovej situácie. Kríza likvidity. Kríza solventnosti a stability. Štruktúra kapitálu a miera zadĺženosti. Komplexné (syntetické) ukazovatele. Pohľadávky a záväzky. 
610 2 0 |a podnik 
610 2 0 |a kríza finančná 
610 2 0 |a hospodárenie finančné 
610 2 0 |a hospodárenie podnikové 
610 2 0 |a manažment krízový 
610 2 0 |a kapitál 
610 2 0 |a insolventnosť 
610 2 0 |a pohľadávky 
610 2 0 |a záväzky 
100 1 |a Šístek, Václav